Sports Quiz

Random Sports or MLB Quiz

MLB Albert Pujols HR Pitchers Quiz Stats

 Plays Quiz Updated Feb 20, 2020

Support Sporcle.
Go Orange.
Score 0/64 Timer 08:00
0 Plays Today
HRs Pitcher % Correct
5Carlos Zambrano
68%
5Roy Oswalt
66.9%
5Randy Johnson
60.6%
3Kerry Wood
59.3%
3Greg Maddux
48.2%
8Ryan Dempster
45.4%
4Bronson Arroyo
42.4%
3Mark Prior
41.6%
3Barry Zito
41%
3Cole Hamels
39.3%
3John Smoltz
37.8%
4Tim Hudson
34.4%
3Livan Hernandez
33%
5Aaron Harang
32.2%
4Ben Sheets
30.7%
4Yovani Gallardo
30.1%
4Bartolo Colon
26.8%
3Todd Jones
25.7%
4Brett Myers
22.2%
4Zach Duke
21.6%
3Oliver Perez
20.6%
5Odalis Perez
20.5%
3David Williams
20.4%
3Paul Wilson
18.3%
3Randy Wolf
17.5%
3Yu Darvish
17.4%
3Doug Davis
17.4%
4Kip Wells
16.1%
3Dallas Keuchel
14.4%
5Chris Capuano
14.1%
6Wade Miller
13.7%
3Colby Lewis
11.6%
HRs Pitcher % Correct
5Derek Holland
10.9%
4Kris Benson
10.4%
5Ian Snell
9.1%
3Jon Lieber
8.3%
3Ian Kennedy
8%
3Mike Fiers
7.6%
3Ricky Nolasco
7.5%
3Jason Jennings
6.7%
3Rodrigo Lopez
6.7%
4Dylan Bundy
6.4%
3Josh Fogg
6.4%
3Jeff Samardzija
5.3%
3James Paxton
4.7%
3Brandon Backe
4.7%
3Kyle Gibson
4.3%
4David Weathers
3.6%
3Gavin Floyd
3.2%
4Kyle Farnsworth
3.2%
4Pedro Astacio
2.9%
3Scott Olsen
2.8%
3Shawn Estes
2.8%
3Glendon Rusch
2.6%
3Manny Parra
2.3%
3Jacob Turner
2.1%
3Chad Qualls
2%
4Kendall Graveman
2%
3Claudio Vargas
1.9%
3Carlos Villanueva
1.8%
3Scott Elarton
1.7%
3Tomo Ohka
1.6%
3Elmer Dessens
1.6%
3Brian Moehler
1.2%

From the Vault

Images That Start with 'SP' II

by sproutcm

There's something special about these specific spobjects.
Remove Ads.
Support Sporcle.
Get the best of Sporcle when you Go Orange. This ad-free experience offers more features, more stats, and more fun while also helping to support Sporcle. Thank you for becoming a member.

Show Comments

Extras

Top Quizzes Today


Score Distribution

Your Account Isn't Verified!

In order to create a playlist on Sporcle, you need to verify the email address you used during registration. Go to your Sporcle Settings to finish the process.

Report this User

Report this user for behavior that violates our Community Guidelines.

Details: